000 00503nam a2200193Ia 4500
005 20140311163057.0
008 140130s9999 xx 000 0 und d
020 _a0590341995
050 _aPZ 7
_b.B46575Re 1995
100 _aBest, Cari
_931284
245 _cBest, Cari
_aRed light, green light mama and me /
260 _bScholastic,
_c1995.
_aNew York :
300 _a29 p. :
_bcol. ill. ;
_c25 cm.
440 _v1
_931174
521 _aG2
526 _c390
942 _cBK
_2lcc
999 _c40220
_d40220